Truly our sister : (Record no. 18002)
[ view plain ]
| 000 -LEADER | |
|---|---|
| fixed length control field | 01443nam a2200229 a 4500 |
| 003 - CONTROL NUMBER IDENTIFIER | |
| control field | PILC |
| 005 - DATE AND TIME OF LATEST TRANSACTION | |
| control field | 20250623094804.0 |
| 008 - FIXED-LENGTH DATA ELEMENTS--GENERAL INFORMATION | |
| fixed length control field | 070825s2003 xx 00 eng d |
| 010 ## - LIBRARY OF CONGRESS CONTROL NUMBER | |
| LC control number | Acc#39126 |
| 020 ## - INTERNATIONAL STANDARD BOOK NUMBER | |
| International Standard Book Number | 0826418279 |
| 040 ## - CATALOGING SOURCE | |
| Transcribing agency | Philippine Baptist Theological Seminary |
| 050 ## - LIBRARY OF CONGRESS CALL NUMBER | |
| Classification number | BT 613 |
| Item number | J63 2003 |
| 100 10 - MAIN ENTRY--PERSONAL NAME | |
| Personal name | Johnson, Elizabeth A. |
| Relator term | Author |
| 245 10 - TITLE STATEMENT | |
| Title | Truly our sister : |
| Remainder of title | a theology of Mary in the Communion of Saints / |
| Statement of responsibility, etc. | Elizabeth A. Johnson. |
| 264 ## - PRODUCTION, PUBLICATION, DISTRIBUTION, MANUFACTURE, AND COPYRIGHT NOTICE | |
| Place of production, publication, distribution, manufacture | New York, NY : |
| Name of producer, publisher, distributor, manufacturer | Continuum, |
| Date of production, publication, distribution, manufacture, or copyright notice | ©2003. |
| 300 ## - PHYSICAL DESCRIPTION | |
| Extent | xvii, 379 p. ; 23 cm. |
| 500 ## - GENERAL NOTE | |
| General note | Includes bibliographical references |
| 505 ## - FORMATTED CONTENTS NOTE | |
| Formatted contents note | Contents --<br/>Acknowledgements --<br/>Introduction --<br/><br/>Part 1 WOMEN'S VOICES IN A NEW KEY --<br/>Chapter 1 Fragments in the rubble --<br/>2. Women's theological work --<br/><br/>Part 2 Roads not taken --<br/>3. Cul-de-Sac: the ideal face of woman --<br/>4. Cul-de-Sac: the maternal face of God --<br/><br/>Part 3: A way forward --<br/>5 A modest proposal --<br/>6 Precedents --<br/><br/>Part 4: Picturing a world --<br/>7. Galilee: the political-economic world --<br/>8. Second temple Judaism: the religious world --<br/>9. Women: the social-cultural world --<br/><br/>Part 5 Mary in the communion of Saints --<br/>10. The dangerous memory of Mary: a mosaic --<br/>11. Mary, friend of God and prophet --<br/><br/>Notes --<br/>Index of subjects and names --<br/>Index of ancient sources |
| 650 ## - SUBJECT ADDED ENTRY--TOPICAL TERM | |
| Topical term or geographic name as entry element | MARY, BLESSED VIRGIN, SAINT |
| General subdivision | THEOLOGY |
| 650 ## - SUBJECT ADDED ENTRY--TOPICAL TERM | |
| Topical term or geographic name as entry element | CATHOLIC CHURCH |
| General subdivision | DOCTRINES |
| 942 ## - ADDED ENTRY ELEMENTS (KOHA) | |
| Koha item type | Circulation Books |
| Source of classification or shelving scheme | Library of Congress Classification |
| Withdrawn status | Lost status | Source of classification or shelving scheme | Damaged status | Not for loan | Home library | Current library | Shelving location | Date acquired | Cost, normal purchase price | Total Checkouts | Full call number | Barcode | Date last seen | Price effective from | Koha item type |
|---|---|---|---|---|---|---|---|---|---|---|---|---|---|---|---|
| Dewey Decimal Classification | PBTS Library | PBTS Library | Circulation Section | 08/25/2007 | 1655.00 | BT 613 J63 2003 | 39126 | 03/17/2026 | 04/02/2015 | Circulation Books |